000 00229nam a2200097 a 4500
008 111125s1995|||| d
245 1 0 _aSeverovýchodné Slovensko
260 _bDINO
_aPrešov
_c1995
020 _c30
044 _axo
_cSK
999 _c18321
_d18321